000 00370pab a2200145 454500
008 180718b1986 xxu||||| |||| 00| 0 eng d
100 _aDatt, Ruddar
245 _aFourth Pay Commission
_bFirst impression
260 _c1986
300 _a5-6
362 _a20 July
650 _aPersonnel, Public - Pay Plans - Adjustments - India
773 _aJanata
909 _a14906
999 _c14906
_d14906